[Event "Zuerich Chess Challenge 6th"]
[Site "Zuerich"]
[Date "2017.04.13"]
[Round "1"]
[White "Nakamura, Hikaru"]
[Black "Pelletier, Yannick"]
[Result "1-0"]
[WhiteElo "2793"]
[BlackElo "2541"]
[PlyCount "95"]
[EventDate "2017.04.13"]
[EventType "tourn"]
[EventRounds "7"]
[EventCountry "SUI"]
[EventCategory "19"]
[SourceTitle "CBM 178"]
[Source "ChessBase"]
[SourceDate "2017.05.14"]
[SourceVersion "1"]
[SourceVersionDate "2017.05.14"]
[SourceQuality "1"]

1. Nf3 {RR} Nf6 2. g3 d5 3. Bg2 c6 4. O-O Bg4 5. h3 Bh5 6. d3 Nbd7 7. Qe1 e5 8. e4 dxe4 9. dxe4 Be7 10. Nbd2 O-O 11. Nh4 Re8 12. Nc4 Bf8 ({RR} 12... a5 13. a4 Qc7 14. Be3 Nc5 15. Nf5 Bf8 16. g4 Bg6 17. Bg5 Nfd7 18. b3 Ne6 19. Bd2 b6 20. c3 b5 21. axb5 cxb5 22. Nce3 f6 23. Nd5 Qc6 24. Kh1 Bf7 25. Rc1 a4 26. bxa4 bxa4 27. f4 {Dudkina,U (2005)-Novozhilov,S (2344) chess.com INT 2025 0-1 (43)}) 13. a4 Qc7 14. Bd2 ({RR} 14. Bg5 h6 15. Bd2 Nc5 16. b4 ({RR} 16. b3) 16... Ne6 17. c3 Rad8 18. a5 ({RR} 18. Nf5) 18... b5 19. axb6 ({RR} 19. Ne3) 19... axb6 20. Be3 c5 21. b5 Nd4 22. g4 ({RR} 22. cxd4 cxd4) 22... Nc2 23. Qe2 Nxa1 24. Rxa1 Bg6 25. Nxg6 ({RR} 25. Nf5) 25... fxg6 26. Ra6 Rb8 27. Qa2 Kh7 28. f3 Rb7 {Maze,S (2614)-Pelletier,Y (2558) Drancy 2016 CBM 172 Extra [RR] 1-0 (74)}) 14... Nc5 15. Ba5 $146 ({RR} 15. b3 Ne6 16. Ba5 b6 17. Bc3 Nd7 18. Nf5 f6 19. Kh1 Rad8 20. f3 Bf7 21. Qc1 Ndc5 22. Qe3 Nd4 23. Qf2 Nce6 24. Nfe3 a5 25. f4 exf4 26. gxf4 Bc5 27. Rae1 Bh5 28. Nb2 b5 29. Nd3 Bb6 {Betaneli,A (2268)-Kojima,S (2356) Kecskemet 2014 0-1 (37)}) ({RR} 15. Bc3 Nfd7 16. f4 exf4 17. gxf4 f6 18. b4 Bf7 19. Nd2 Na6 20. Rb1 Qb6+ 21. Kh1 Bxb4 22. Bxb4 Nxb4 23. Qg3 Nf8 24. Nf5 Ng6 25. Nd6 Re7 26. e5 Ba2 27. Rb2 fxe5 28. fxe5 Bd5 29. c3 Bxg2+ {Martirosyan,H (2616)-Goryachkina,A (2504) Skopje 2019 1-0 (42)}) 15... b6 16. Bc3 Nfd7 17. f4 f6 18. fxe5 fxe5 19. Ne3 Ne6 20. Nef5 Rad8 21. Kh1 Nf6 22. Nh6+ gxh6 23. Rxf6 Nd4 24. Rf2 Bg6 25. Qe3 Qg7 26. Raf1 Be7 27. Nxg6 Qxg6 28. Be1 Rf8 29. b4 Rxf2 30. Rxf2 Rf8 31. c3 Rxf2 32. Bxf2 Ne6 33. h4 Nc7 34. Qd3 Qd6 35. Qc4+ Qe6 36. Qxe6+ Nxe6 37. Be3 Bf8 38. Bh3 Kf7 39. Bf1 Nc7 40. Bc4+ Kf6 41. Kg2 Ne8 42. Bg8 Kg7 43. Be6 Nf6 44. Kf3 Kg6 45. Bf5+ Kg7 46. Ke2 h5 47. Kd3 Kf7 48. a5 1-0

[Event "Grenke Chess Classic 4th"]
[Site "Karlsruhe/Baden-Baden"]
[Date "2017.04.16"]
[Round "2"]
[White "Vachier Lagrave, Maxime"]
[Black "Bluebaum, Matthias"]
[Result "1-0"]
[WhiteElo "2803"]
[BlackElo "2634"]
[Annotator "Roiz,Michael"]
[PlyCount "147"]
[EventDate "2017.04.15"]
[EventType "tourn"]
[EventRounds "7"]
[EventCountry "GER"]
[EventCategory "20"]
[SourceTitle "CBM 178"]
[Source "ChessBase"]
[SourceDate "2017.05.14"]
[SourceVersion "1"]
[SourceVersionDate "2017.05.14"]
[SourceQuality "1"]

1. Nf3 d5 2. g3 Bg4 3. Bg2 e6 4. O-O Nf6 5. h3 Bh5 6. d4 Nbd7 7. c4 {The players have entered into a rare line of the Reti, where Maxime has solid practical experience.} c6 8. cxd5 exd5 9. Qb3 {Quite a tricky move order. White is not hurrying with developing the b1, since there is a concrete idea.} Qb6 10. Qe3+ {This is the point! The pin along the e-file is going to be annoying.} Be7 11. Nh4 Bg6 12. Nc3 {No doubt, this position was a part of home preparation of both opponents.} Qd8 {This is the most natural way of avoiding the pin.} (12... Kf8 {looks like a concession. Indeed, after} 13. Nxg6+ hxg6 14. Qd3 Re8 15. Rb1 Kg8 16. b4 $14 {Vachier Lagrave,M (2758)-Kramnik,V (2777) Berlin GER 2015, White was clearly better.}) 13. b4 $146 {The minority attack is a usual plan in such positions.} ({Previously, MVL didn't manage to pose Black any problems after} 13. Nxg6 hxg6 14. Qd3 O-O 15. Bf4 Re8 16. Rfe1 Nb6 17. Rad1 Qd7 18. Bg5 Rad8 19. h4 Nh7 20. Bxe7 Rxe7 21. e4 dxe4 22. Nxe4 Rde8 $11 {Vachier Lagrave,M (2762)-Laznicka,V (2679) Dubai 2014}) ({RR} 13. Nxg6 hxg6 14. Qd3 O-O 15. Bf4 Re8 16. Rab1 Bb4 17. a3 Bxc3 18. bxc3 b5 19. a4 a6 20. axb5 axb5 21. Ra1 Nb6 22. g4 Nc4 23. Bg5 Qd6 24. Bxf6 Qxf6 25. e4 dxe4 26. Bxe4 Qd6 27. Bg2 g5 {Kaidanov,G (2549)-Fathy,E (2300) chess.com INT 2022 1-0 (38)}) ({RR} 13. Nxg6 hxg6 14. Qd3 O-O 15. Bd2 Re8 16. a3 a5 17. Rac1 Nb6 18. Rce1 Nc4 19. Bc1 Nd6 20. f3 Nf5 21. g4 Nh4 22. e4 Nxg2 23. Kxg2 dxe4 24. fxe4 c5 25. d5 Nd7 26. Bf4 Bf6 27. Bg3 Be5 {Bodi,T (2291)-Sebenik,M (2534) Zagreb CRO 2023 ½-½ (64)}) 13... b5 $1 $146 {GM Bluebaum comes up with a natural novelty. It turns out, that White's last move exposed the c4-spot, so the knight is heading there.} ({The previously played} 13... O-O {seems less challenging:} 14. Nxg6 hxg6 15. b5 Re8 16. Qd3 Bb4 17. bxc6 bxc6 18. Bd2 $14 {Ragger,M (2700)-Bindrich,F (2584) Austria AUT 2017}) 14. a4 a5 $5 {This original idea makes the play much sharper.} ({The more natural} 14... a6 15. a5 O-O 16. Nxg6 hxg6 17. Rb1 Bd6 18. Qd3 Qe7 $11 {would lead to equalty.}) 15. Nxg6 hxg6 16. bxa5 b4 {The next few moves of both opponents were almost forced.} 17. Na2 O-O 18. Bd2 Re8 $1 {An excellent resource - Black is going to push c6-c5 in a better situation.} (18... c5 $6 19. dxc5 Bxc5 20. Qb3 Qxa5 21. Nxb4 Ne4 22. Bxe4 dxe4 23. Rfb1 Rfb8 24. Be1 $16) 19. Qb3 ({After} 19. Rfb1 c5 20. dxc5 Bxc5 21. Qd3 Ne5 22. Qb3 Qxa5 23. Nxb4 Rab8 {the activity of his pieces provides Black enough play for a pawn.}) 19... c5 20. dxc5 Nxc5 21. Qxb4 {This is probably Maxime's best practical chance.} ({In the event of} 21. Qd1 Qxa5 {it wouldn't be possible to avoid the total simplifications:} 22. Bxb4 (22. Nxb4 Nce4 23. Rb1 Nxd2 24. Nc6 Qa6 25. Nxe7+ Rxe7 26. Qxd2 Rxe2 $11) 22... Qxa4 23. Bxd5 Qxd1 24. Rfxd1 Nxd5 25. Rxd5 Nb3 26. Rb1 Rxa2 27. Bxe7 Rxe7 28. Rxb3 Rexe2 $11) 21... Nce4 $6 {This inaccurate move invites some troubles - the d5 is getting very weak.} ({A much stronger move was} 21... Nfe4 $1 22. Be3 Rxa5 23. Bxe4 Nxe4 24. Bb6 Bxb4 25. Bxd8 Rxa4 26. Nxb4 Rxb4 $11 {, and a draw is unavoidable.}) 22. Qd4 Nxd2 (22... Bd6 {was hardly any better:} 23. Qd3 Nxd2 24. Qxd2 Qxa5 25. Qxa5 Rxa5 26. Nc1 Rea8 27. Rd1 Rxa4 28. Rxa4 Rxa4 29. Bxd5 Ra1 30. Bb3 $16) 23. Qxd2 Qxa5 24. Qxa5 Rxa5 25. e3 $14 {Despite the major simplifications, Black's defensive task is not easy at all now.} Ne4 (25... Rxa4 26. Nc3 Rxa1 27. Rxa1 Rd8 28. Rd1 Bb4 29. Nxd5 Nxd5 30. Bxd5 Kf8 $14) 26. Nc1 Rea8 27. Ne2 Rxa4 28. Rxa4 Rxa4 29. Rd1 $6 {Maxime chooses a wrong way of attacking the d5} (29. Nf4 Nf6 30. Nxd5 Nxd5 31. Bxd5 $14) 29... Bf6 $6 {Matthias is returning the favour - Black is doomed to a passive defence till the end of the game.} ({At the same time, after} 29... Ra5 $1 30. Nf4 Nc3 31. Rd3 d4 $1 32. exd4 (32. Rxd4 g5 33. Rd7 gxf4 34. Rxe7 fxg3 35. fxg3 Ra1+ 36. Kh2 Ra2 $11) 32... g5 33. Rxc3 gxf4 $11 {White's material advantage would be symbolic.}) 30. Rxd5 Ra1+ 31. Bf1 Kf8 32. Kg2 {White's main task is to release the tension along the 2nd rank.} Ra2 33. Rb5 Rb2 34. Ra5 {Of course, there is no reason to exchange the rooks.} g5 35. Ra4 Nc5 ({Possibly, Black's play would be easier after} 35... Nc3 $5 36. Nxc3 Bxc3 37. Kf3 g6 $14 {, even though the draw isn't guaranteed.}) 36. Ra8+ Ke7 37. Ra7+ Kf8 38. Nc1 $1 Ne4 (38... g6 $5 39. Nd3 Nxd3 40. Bxd3 Bc3 41. Bc4 f5 $14) 39. Nd3 Rd2 40. Kf3 Nd6 41. Ra8+ Ke7 42. e4 {Eventually Maxime was able to make some progress and start to advance the pawns.} Bd4 $6 ({Alas, Black is missing a golden opportunity of exchanging the rooks:} 42... Rd1 $1 43. Be2 Ra1 44. Rxa1 Bxa1 $14) 43. Ra4 Bb6 {Obviously, this is a sad necessity.} 44. e5 Nc8 45. Rg4 f6 46. h4 fxe5 47. Rxg5 {Both of Black's pawns are weak, but the monarch is protecting them well!} Kf6 48. Kg4 Ne7 49. Nxe5 Bxf2 {Black was able to swap almost all the pawns, but the position is still difficult - the king is exposed now!} 50. Kh3 Bd4 51. Nf3 Rf2 52. Bg2 Be3 53. Ra5 Rb2 54. g4 $6 {Exposing the f4-spot is a dubious decision.} ({It was better to maintain the tension by means of} 54. Ra3 Bc5 55. Rd3 $16) 54... Ng6 55. Ra6+ Kf7 $6 ({A much better try was} 55... Bb6 $1 56. Bf1 Ke7 57. g5 Rb3 58. Kg4 Rb4+ $11 {solving all the problems.}) 56. Bf1 Rb4 $6 {This is too passive!} ({After} 56... Rf2 $1 57. Bc4+ Kf8 58. Kg3 Rc2 59. Rxg6 Rxc4 {Black should be able to achieve a draw.}) 57. h5 Nf4+ 58. Kg3 Ne6 59. Bd3 Bf4+ 60. Kh4 Nc7 (60... Ke7 $5) 61. Rc6 Ke7 62. Bf5 Bd6 63. Kg5 Nd5 64. Ra6 Nc7 $2 {There is no reason to remove the knight from the centre.} (64... Nf4 $142 $1 65. Nd2 (65. Rc6 Bb8 66. Nh4 Kf7 67. Ng6 Nh3+ 68. Kh4 Nf4 $14) 65... Bb8 $16) 65. Rc6 Nd5 66. Nh4 $1 {Now White's pieces are dominationg over the board!} Rb6 67. Ng6+ Kf7 $2 {A decisive mistake.} ({After} 67... Ke8 68. Rc8+ Kf7 69. Rd8 Be7+ 70. Nxe7 Nxe7 71. Be4 Rb5+ 72. Kf4 Ke6 $16 {it still wouldn't be easy for Maxime to make any progress.}) 68. Be4 $1 {Now the piece is gone.} Rb5 69. Rxd6 Nf6+ 70. Kf4 Rb4 71. Kf5 Nxe4 ({Or} 71... Rxe4 72. Rxf6+ $18) 72. Rd7+ Ke8 73. Re7+ Kd8 74. Rxe4 1-0

[Event "Titled Tuesday intern op 17th April"]
[Site "Chess.com INT"]
[Date "2017.11.07"]
[Round "2"]
[White "Moussard, Jules"]
[Black "Holt, Conrad"]
[Result "1-0"]
[WhiteElo "2576"]
[BlackElo "2568"]
[PlyCount "59"]
[EventDate "2017.04.17"]
[EventType "swiss (blitz)"]
[EventRounds "10"]
[EventCountry "USA"]
[SourceTitle "EXT 2021"]
[Source "ChessBase"]
[SourceDate "2020.10.23"]
[SourceVersion "1"]
[SourceVersionDate "2020.10.23"]
[SourceQuality "1"]

1. Nf3 d5 2. g3 Bg4 3. Bg2 Nd7 4. O-O e6 5. h3 Bh5 6. d3 ({RR} 6. d4 Ngf6 7. c4 c6 8. cxd5 exd5 9. Qb3 Nb6 10. Nc3 Be7 11. a4 a5 12. Ne5 Bg6 13. f4 Bf5 14. g4 Bc8 15. f5 O-O 16. Bf4 Ne8 17. e4 dxe4 18. Nxe4 Qxd4+ 19. Kh1 Nd5 20. Rad1 Qb4 {Eljanov,P (2680)-Caruana,F (2828) Chess.com INT 2019 1-0 (39)}) ({RR} 6. d4 Bd6 7. c4 c6 8. Nc3 dxc4 9. b3 Bb4 10. Qc2 Bg6 11. e4 cxb3 12. Qxb3 Bxc3 13. Qxc3 Bxe4 14. Ba3 Ngf6 15. Rfe1 Rc8 16. Qb3 c5 17. dxc5 Bc6 18. Nd4 Bxg2 19. Nxe6 fxe6 20. Qxe6+ {1-0 (20) Kozak,A (2523)-Holt,C (2553) Chess.com INT 2022}) 6... Bd6 ({RR} 6... Ngf6 7. c4 c6 8. cxd5 exd5 9. e4 dxe4 10. dxe4 Bxf3 11. Qxf3 Be7 12. Nc3 O-O 13. Bf4 Qa5 14. a3 Ne5 15. Qe2 Rad8 16. Qc2 Ng6 17. b4 Qa6 18. Be3 Ne5 19. Rfd1 Rxd1+ 20. Nxd1 Rd8 21. Qc3 {Lutze,M (2136)-Rosol,P (2150) Schwarzach AUT 2024 ½-½ (36)}) 7. e4 Ne7 8. Qe1 $146 ({RR} 8. Qe2 c5 9. g4 Bg6 10. e5 Bb8 11. c4 O-O 12. Bg5 f6 13. exf6 gxf6 14. Bh6 Re8 15. Nc3 Nc6 16. cxd5 exd5 17. Qd1 Nb6 18. d4 cxd4 19. Nxd4 Be5 20. Nce2 Qd6 21. b3 f5 22. Qd2 fxg4 {Kjartansson,G (2437)-Ragnarsson,D (2320) Hafnarfjordur 2017 ½-½ (61)}) ({RR} 8. Nc3 O-O 9. exd5 Nxd5 10. Ne4 Be7 11. d4 c5 12. c4 N5f6 13. Nxf6+ Bxf6 14. d5 Ne5 15. g4 Nxf3+ 16. Qxf3 Bg6 17. Qb3 Bd4 18. Be3 Bxe3 19. Qxe3 exd5 20. Bxd5 h5 21. Rfe1 hxg4 22. hxg4 Qh4 {Mamedov,R (2678)-Holt,C (2549) Atlantic City 2016 1-0 (31)}) 8... O-O 9. Nbd2 f6 10. Nd4 Nc5 11. b4 Be5 12. Bb2 dxe4 13. bxc5 Bxd4 14. Bxd4 Qxd4 15. Qxe4 Qxc5 16. Nb3 Qd6 17. Qxb7 a5 18. a4 Rab8 19. Qa7 Nc6 20. Qc5 Nb4 21. Qxh5 Nxc2 22. Rac1 Rxb3 23. Rxc2 f5 24. Rfc1 f4 25. Be4 g6 26. Bxg6 hxg6 27. Qxg6+ Kh8 28. Rxc7 Qxc7 29. Rxc7 Rb1+ 30. Kg2 1-0

[Event "Titled Tuesday intern op 17th April"]
[Site "Chess.com INT"]
[Date "2017.11.07"]
[Round "5"]
[White "Nakamura, Hikaru"]
[Black "Bachmann, Axel"]
[Result "1-0"]
[WhiteElo "2780"]
[BlackElo "2624"]
[PlyCount "81"]
[EventDate "2017.04.17"]
[EventType "swiss (blitz)"]
[EventRounds "10"]
[EventCountry "USA"]
[SourceTitle "EXT 2021"]
[Source "ChessBase"]
[SourceDate "2020.10.23"]
[SourceVersion "1"]
[SourceVersionDate "2020.10.23"]
[SourceQuality "1"]

1. Nf3 d5 2. b3 Bg4 3. Bb2 Nd7 4. g3 Ngf6 5. Bg2 e6 6. O-O c6 7. h3 Bh5 ({RR} 7... Bxf3 8. exf3 g6 9. d4 Bg7 10. Nd2 O-O 11. f4 a5 12. a4 Ne8 13. Nf3 Nd6 14. Ba3 Qc7 15. Ne5 Rfd8 16. Qe2 Nf5 17. Rad1 Rab8 18. Rfe1 Re8 19. g4 Nd6 20. c4 Nf6 21. c5 Nc8 22. b4 {Korpa,B (2522)-Banusz,T (2600) Ajka HUN 2023 ½-½ (65)}) 8. d3 ({RR} 8. d4 Be7 9. c4 O-O 10. Nbd2 a5 11. a3 Re8 12. Qc2 Bg6 13. Qc1 Ne4 14. Rd1 Rc8 15. Ne5 Nxe5 16. dxe5 Nxd2 17. Rxd2 Qb6 18. Qc3 Red8 19. e3 dxc4 20. Rxd8+ Rxd8 21. Qxc4 Rd2 22. Bd4 Qd8 {Mordechai,H (2295)-Terry,R (2508) chess.com INT 2025 0-1 (48)}) 8... Bc5 9. Nbd2 a5 $146 ({RR} 9... O-O 10. Qe1 Qc7 11. Kh2 Rfe8 12. e4 e5 13. Nh4 Rad8 14. f4 exf4 15. gxf4 Bb4 16. e5 Qa5 17. Qg3 Bxd2 18. exf6 g6 19. a3 Qc5 20. Nf5 Qxc2 21. Nh6+ Kf8 22. f5 Bxh6 23. fxg6 hxg6 {0-1 (23) Mueller,C (2012)-Janke,H (1663) Oberhof 2012}) ({RR} 9... O-O 10. a3 a5 11. e4 h6 12. Qe1 Bg6 13. Kh1 Bh7 14. Qe2 Qe7 15. e5 Ne8 16. Nd4 Nc7 17. f4 Rae8 18. N2f3 Bb6 19. a4 c5 20. Nb5 Nxb5 21. axb5 Bc7 22. Rfe1 b6 23. Rad1 Rd8 24. g4 {Movsziszian,K (2435)-Roca Planas,E (2218) Sant Boi ESP 2023 1-0}) 10. a3 Qe7 11. e3 h6 12. e4 dxe4 13. dxe4 O-O 14. e5 Nd5 15. Ne4 Bg6 16. Qe2 Rfd8 17. c4 N5b6 18. Rfd1 Bxe4 19. Qxe4 Nf8 20. Bf1 Rxd1 21. Rxd1 Bxa3 22. Ba1 Bc5 23. Kg2 a4 24. bxa4 Rxa4 25. Bd3 Ra2 26. Bd4 Nbd7 27. Bb1 Ra8 28. Bc3 Bb4 29. Rxd7 Qxd7 30. Bxb4 Qd1 31. Bc2 Qc1 32. Bd2 Qb2 33. Be3 Rd8 34. h4 Qb4 35. h5 b5 36. c5 Qxe4 37. Bxe4 Rc8 38. Nd4 Nd7 39. Nxc6 Kf8 40. Na7 Rxc5 41. Bc6 1-0

[Event "Zuerich Chess Challenge Blitz2 6th"]
[Site "Zuerich"]
[Date "2017.04.17"]
[Round "2"]
[White "Nakamura, Hikaru"]
[Black "Oparin, Grigoriy"]
[Result "1-0"]
[WhiteElo "2793"]
[BlackElo "2604"]
[PlyCount "41"]
[EventDate "2017.04.17"]
[EventType "tourn (blitz)"]
[EventRounds "7"]
[EventCountry "SUI"]
[EventCategory "19"]
[SourceTitle "CBM 178"]
[Source "ChessBase"]
[SourceDate "2017.05.14"]
[SourceVersion "1"]
[SourceVersionDate "2017.05.14"]
[SourceQuality "1"]

1. Nf3 Nf6 2. g3 b5 3. Bg2 Bb7 4. Na3 a6 5. c4 b4 6. Nc2 e6 7. O-O Be7 8. d4 Be4 9. a3 bxa3 10. b3 O-O 11. Bxa3 d6 $146 ({RR} 11... Nc6 12. Ne5 Bxg2 13. Kxg2 Nxe5 14. dxe5 Bxa3 15. Rxa3 Ng4 16. Qd4 Qg5 17. f4 Qe7 18. Rd1 d6 19. exd6 cxd6 20. b4 Rfd8 21. Qb6 h5 22. h3 Nh6 23. e4 Rac8 24. Qxa6 Qf6 {½-½ (24) Shchekachev,A (2530)-Goumas,G (2402) Chania 2019}) 12. Ne3 c6 13. Qd2 Nbd7 14. Nd1 Qb6 15. Nc3 Qxb3 16. Ne5 dxe5 17. Bxe7 exd4 18. Nxe4 Nxe4 19. Bxe4 Rfe8 20. Bxc6 Ra7 21. Qxd4 1-0

[Event "Zuerich Chess Challenge Blitz2 6th"]
[Site "Zuerich"]
[Date "2017.04.17"]
[Round "4"]
[White "Nakamura, Hikaru"]
[Black "Kramnik, Vladimir"]
[Result "1-0"]
[WhiteElo "2793"]
[BlackElo "2811"]
[PlyCount "151"]
[EventDate "2017.04.17"]
[EventType "tourn (blitz)"]
[EventRounds "7"]
[EventCountry "SUI"]
[EventCategory "19"]
[SourceTitle "CBM 178"]
[Source "ChessBase"]
[SourceDate "2017.05.14"]
[SourceVersion "1"]
[SourceVersionDate "2017.05.14"]
[SourceQuality "1"]

1. Nf3 d5 2. g3 c6 3. Bg2 Bg4 4. O-O Nf6 5. h3 Bh5 6. d3 Nbd7 7. Qe1 e5 8. e4 Be7 ({RR} 8... dxe4 9. dxe4 Be7 10. Nh4 O-O 11. Nd2 Qc7 12. f4 exf4 13. gxf4 Rfe8 14. Kh1 Bb4 15. c3 Bf8 16. e5 Nd5 17. Ne4 Nc5 18. Ng3 Bg6 19. Nxg6 hxg6 20. Bxd5 cxd5 21. Be3 Ne6 22. Rd1 Rad8 23. Qe2 {Giri,A (2785)-So,W (2815) Chess.com INT 2017 1-0 (35)}) ({RR} 8... dxe4 9. dxe4 Bxf3 10. Bxf3 Bc5 11. Nd2 O-O 12. Nb3 Bd6 13. Bd2 Qc7 14. a4 a5 15. Nxa5 b5 16. b4 bxa4 17. Rxa4 c5 18. b5 Rfb8 19. c4 Nb6 20. Ra3 Nfd7 21. Qe2 Nf8 22. Bg4 g6 23. h4 {To,N (2299)-Poupalos,N (2207) chess.com INT 2025 1-0 (35)}) 9. Nh4 O-O 10. Nd2 $146 ({RR} 10. Nf5 Bc5 11. Nc3 dxe4 12. dxe4 Re8 13. Kh2 Qc7 14. f3 a5 15. a4 Nf8 16. Nd1 Ne6 17. Nfe3 Nd4 18. Bd2 b6 19. h4 Bg6 20. Nf2 Rad8 21. Bc3 h5 22. Rd1 Ne6 23. Nd3 Bd4 24. Nc4 Nd7 {Piorun,K (2601)-Warakomski,T (2533) Poland POL 2023 1-0 (35)}) ({RR} 10. Nf5 Re8 11. Nxe7+ Qxe7 12. Nc3 Qd6 13. Kh1 Nc5 14. Bg5 dxe4 15. dxe4 h6 16. Be3 Ne6 17. f4 exf4 18. gxf4 Qb4 19. e5 Nd7 20. Ne4 Qxb2 21. Nd6 Re7 22. Qg3 Qxc2 23. f5 Ng5 24. Bxg5 hxg5 {Ozen,B (2369)-Kollars,D (2611) chess.com INT 2022 1-0 (38)}) 10... Re8 11. Nb3 a5 12. a4 Nc5 13. Nxc5 Bxc5 14. Bg5 h6 15. Bd2 Nh7 16. Kh2 Nf8 17. Be3 Ne6 18. Bxc5 Nxc5 19. Qc3 b6 20. exd5 cxd5 21. d4 Ne4 22. Qd3 exd4 23. Qxd4 Rc8 24. Nf5 Qg5 25. g4 Rxc2 26. f4 Qg6 27. Nh4 Qf6 28. Qxf6 Nxf6 29. gxh5 Nxh5 30. Kg1 Ng3 31. Rf3 Ne2+ 32. Kh1 g6 33. Bf1 Rxb2 34. Rd1 d4 35. Ng2 Re4 36. Re1 Kg7 37. Rxe2 Rexe2 38. Bxe2 Rxe2 39. Rd3 b5 40. axb5 Rb2 41. Rxd4 Rxb5 42. Kh2 g5 43. Rd6 f6 44. Kg3 Kg6 45. Ne3 gxf4+ 46. Kxf4 Rb4+ 47. Kf3 a4 48. Ra6 Rd4 49. Ng2 Kg5 50. Ra5+ f5 51. Ne3 Rd3 52. Rxa4 Rd6 53. Ra5 Rf6 54. Ng2 Rb6 55. h4+ Kg6 56. Nf4+ Kh7 57. Rxf5 Rb7 58. h5 Ra7 59. Rb5 Rd7 60. Ke4 Rf7 61. Re5 Ra7 62. Nd5 Ra1 63. Re7+ Kh8 64. Kf5 Rg1 65. Nf4 Kg8 66. Ra7 Rf1 67. Ra6 Kg7 68. Rg6+ Kh7 69. Rg4 Ra1 70. Nd5 Kh8 71. Kg6 Ra5 72. Rc4 Ra6+ 73. Nf6 Rc6 74. Rd4 Rd6 75. Rd5 Rd7 76. Nxd7 1-0

[Event "Zuerich Chess Challenge Blitz2 6th"]
[Site "Zuerich"]
[Date "2017.04.17"]
[Round "5"]
[White "Svidler, Peter"]
[Black "Oparin, Grigoriy"]
[Result "1-0"]
[WhiteElo "2747"]
[BlackElo "2604"]
[PlyCount "69"]
[EventDate "2017.04.17"]
[EventType "tourn (blitz)"]
[EventRounds "7"]
[EventCountry "SUI"]
[EventCategory "19"]
[SourceTitle "CBM 178"]
[Source "ChessBase"]
[SourceDate "2017.05.14"]
[SourceVersion "1"]
[SourceVersionDate "2017.05.14"]
[SourceQuality "1"]

1. Nf3 Nf6 2. g3 b5 3. e3 a6 4. Bg2 Bb7 5. b3 e6 6. O-O Be7 7. c4 ({RR} 7. Bb2 O-O 8. d4 c5 9. dxc5 Bxc5 10. Nbd2 Qe7 11. c4 d6 12. Qe2 Nbd7 13. Rfd1 Rfc8 14. Rac1 b4 15. Ng5 Bxg2 16. Kxg2 a5 17. Qf3 a4 18. Nde4 Nxe4 19. Nxe4 axb3 20. axb3 f5 21. Nd2 Ra2 {Oparin,G (2674)-Andreikin,D (2729) Chess.com INT 2022 0-1 (42)}) 7... O-O 8. Nc3 c5 9. d4 d5 $146 ({RR} 9... cxd4 10. exd4 b4 11. Na4 d6 12. d5 exd5 13. Nd4 Nbd7 14. Nf5 Re8 15. cxd5 Bf8 16. Bf4 Ne5 17. Rc1 Rc8 18. Rxc8 Qxc8 19. Ne3 Ng6 20. Qd4 Nxf4 21. Qxf4 Qd8 22. Qxb4 Qc7 23. Qb6 Qd7 24. Rc1 {Carlsen,M (2832)-Oparin,G (2662) chess.com INT 2024 1-0 (46)}) ({RR} 9... cxd4 10. exd4 b4 11. Na4 d6 12. d5 exd5 13. Nd4 Nbd7 14. Nf5 Re8 15. cxd5 Bf8 16. Bf4 Ne5 17. Rc1 Rc8 18. Rxc8 Qxc8 19. Ne3 Ng6 20. Qd4 Nxf4 21. Qxf4 Qd8 22. Qxb4 Qc7 23. Qb6 Qd7 24. Rc1 {Carlsen,M (2832)-Oparin,G (2662) chess.com INT 2024 1-0 (46)}) 10. cxd5 Nxd5 11. Nxd5 Bxd5 12. dxc5 Bxc5 13. Bb2 Nd7 14. Qe2 Nf6 15. Rfd1 Qe7 16. Ne5 Rac8 17. Bxd5 Nxd5 18. a4 f6 19. Nd3 Bb6 20. axb5 axb5 21. e4 Nc3 22. Bxc3 Rxc3 23. Nf4 Rb8 24. Rd3 Rxd3 25. Qxd3 Qc5 26. Ra2 Rd8 27. Qe2 Qc6 28. Rc2 Qe8 29. h4 Bd4 30. Qg4 f5 31. exf5 exf5 32. Qxf5 Kh8 33. Ne6 Qd7 34. Rc7 g6 35. Rxd7 1-0

[Event "CHN-chT"]
[Site "China"]
[Date "2017.05.23"]
[Round "5.3"]
[White "Wen, Yang"]
[Black "Ma, Qun"]
[Result "1-0"]
[WhiteElo "2613"]
[BlackElo "2637"]
[PlyCount "109"]
[EventDate "2017.04.18"]
[EventType "team-tourn"]
[EventRounds "22"]
[EventCountry "CHN"]
[SourceTitle "EXT 2018"]
[Source "ChessBase"]
[SourceDate "2017.10.13"]
[SourceVersion "1"]
[SourceVersionDate "2017.10.13"]
[SourceQuality "1"]
[WhiteTeam "Shandong"]
[BlackTeam "Hangzhou"]
[WhiteTeamCountry "CHN"]
[BlackTeamCountry "CHN"]

1. Nf3 d5 2. g3 Bg4 3. Bg2 c6 4. O-O Nd7 5. h3 Bh5 6. d3 Ngf6 7. Qe1 e5 8. e4 dxe4 9. dxe4 Be7 10. Nh4 O-O 11. Nf5 ({RR} 11. Nd2 Qc7 12. f4 exf4 13. gxf4 Rfe8 14. Kh1 Bb4 15. c3 Bf8 16. e5 Nd5 17. Ne4 Nc5 18. Ng3 Bg6 19. Nxg6 hxg6 20. Bxd5 cxd5 21. Be3 Ne6 22. Rd1 Rad8 23. Qe2 Bc5 24. Bd4 Qb6 25. Qf2 Bxd4 {Giri,A (2785)-So,W (2815) Chess.com INT 2017 1-0 (35)}) 11... Bc5 12. a4 Re8 13. Na3 $146 ({RR} 13. b4 Bf8 14. Na3 a5 15. bxa5 Bg6 16. Nc4 Bxf5 17. exf5 Bc5 18. Bb2 Qe7 19. Rd1 e4 20. Qc3 Qf8 21. g4 Nd5 22. Qg3 e3 23. Bxd5 e2 24. Bf3 exf1=Q+ 25. Kxf1 Nf6 26. Be5 Rad8 27. Re1 Bd4 {Bivol,A (2393)-Andriasian,Z (2604) Chess.com INT 2019 0-1 (47)}) 13... Qc7 14. Bd2 a5 15. Nc4 b6 16. Bc3 Bg6 17. Nh4 Bh5 18. Kh1 Rad8 19. f4 exf4 20. gxf4 Bg6 21. Nxg6 hxg6 22. e5 Nd5 23. Qg3 Nf8 24. f5 Nxc3 25. bxc3 gxf5 26. Rxf5 Rd7 27. Nb2 Rde7 28. Nd3 Ng6 29. Rg5 Re6 30. Be4 Be7 31. Rg4 Bf8 32. Rg1 b5 33. h4 Rxe5 34. Bxg6 fxg6 35. Re4 Bd6 36. Nxe5 Rxe5 37. Qxg6 Qd7 38. Qg4 Qf7 39. Rxe5 Bxe5 40. Qe4 Qf6 41. axb5 cxb5 42. c4 bxc4 43. Qxc4+ Kh8 44. Rf1 Qd8 45. Qe4 Bf6 46. Re1 Bxh4 47. Qe8+ Qxe8 48. Rxe8+ Kh7 49. Ra8 Be1 50. c4 Bb4 51. Ra6 g6 52. Kg2 Kh6 53. Kf3 Kh5 54. c5 g5 55. c6 1-0